| 000 | 01213nam a2200289 i 4500 | ||
|---|---|---|---|
| 001 | bg | ||
| 003 | BPK | ||
| 005 | 20220223092100.0 | ||
| 008 | 050620s2004 pl a |100 0 pol | ||
| 015 | _aPB 2005/17065 | ||
| 020 | _a8320429528 | ||
| 040 |
_aWA N _cBPK |
||
| 080 | _a005:004.65 | ||
| 080 | _a(06) | ||
| 245 | 0 | 0 |
_aKomputerowo zintegrowane zarządzanie : _bzbiór prac. _nT. 1 / _cpod red. Ryszarda Knosali. |
| 260 |
_aWarszawa : _bWydawnictwa Naukowo-Techniczne, _c2004. |
||
| 300 |
_a739 s. : _bfot., rys., wykr. ; _c24 cm. |
||
| 500 | _aMater. z VII Konferencji Komputerowo Zintegrowane Zarządzanie oraz V Warsztatów z Nauk o Zarządzaniu dla Doktorantów i Przyszłych Doktorantów. | ||
| 504 | _aBibliogr. przy ref. | ||
| 650 | 4 | _aSystemy informatyczne zarządzania | |
| 655 | 4 | _aMateriały konferencyjne | |
| 711 | 2 |
_aWarsztaty z Nauk o Zarządzaniu dla Doktorantów i Przyszłych Doktorantów _n(5 ; _d2004 ; _cZakopane). |
|
| 710 | 2 |
_aWydawnictwa Naukowo-Techniczne _4pbl. |
|
| 700 | 1 |
_aKnosala, Ryszard _d(1949- ) _eRedakcja |
|
| 856 |
_uhttp://koha.tu.koszalin.pl/cgi-bin/koha/opac-detail.pl?biblionumber=44083 _yKatalog online BPK |
||
| 942 |
_2UKD _cKS |
||
| 999 |
_c44083 _d44083 |
||